| 000 | 00424cam a2200157ua 4500 | ||
|---|---|---|---|
| 003 | OSt | ||
| 008 | 240320b |||||||| |||| 00| 0 eng d | ||
| 020 | _a0-632-04037-8 | ||
| 041 | _aeng | ||
| 082 |
_a631.56 _bTHO/PO |
||
| 100 |
_aThompson, A K . _91059 |
||
| 245 | _aPost harvest technology of fruits and vegetables / | ||
| 260 |
_aOxford : _bBlackwell Scientific Publications , _c1996. |
||
| 300 | _a410 p. | ||
| 942 | _cBK | ||
| 999 |
_c11192 _d11192 |
||